Statistics for WWE - The Undertaker's PPV Opponents

Click here to take the quiz!

General Stats

  • This quiz has been taken 577 times
  • The average score is 169 of 224

Answer Stats

YearEventMatch TypeAnswer% Correct
2001BacklashTag for the Titles MatchTriple H
97%
2000King of the Ring6-Man Tag for the Title MatchTriple H
97%
2011WrestleMania XXVIINo Holds Barred MatchTriple H
97%
2012WrestleMania XXVIIIHell in a Cell MatchTriple H
97%
2001Insurrextion2-on-1 Handicap MatchTriple H
97%
2001WrestleMania X-SevenTriple H
97%
2000Armageddon6-Man Hell in a Cell MatchTriple H
97%
2009No Way OutElimination Chamber MatchTriple H
97%
2002InsurrextionTriple H
97%
2018Super ShowdownNo DQ MatchTriple H
97%
2018Crown JewelTag Team MatchTriple H
97%
1999No MercyTriple Threat MatchTriple H
97%
2002King of the RingTriple H
97%
1995Survivor Series4 vs. 4 Elimination MatchHunter Hearst Helmsley
96%
2010Night of ChampionsNo Holds Barred MatchKane
96%
1999SummerSlamTag Team MatchKane
96%
2000SummerSlamKane
96%
2000UnforgivenFatal 4-Way MatchKane
96%
1998WrestleMania XIVKane
96%
1998BreakdownTriple Threat MatchKane
96%
1998UnforgivenInferno MatchKane
96%
1998Survivor SeriesKane
96%
1998Judgment DayKane
96%
2010Hell in a CellHell in a Cell MatchKane
96%
2004WrestleMania XXKane
96%
1998Fully LoadedTag Team MatchKane
96%
2010Bragging RightsBuried Alive MatchKane
96%
2018Crown JewelTag Team MatchShawn Michaels
96%
2007No Way OutTag Team MatchShawn Michaels
96%
1998Royal RumbleCasket MatchShawn Michaels
96%
2009WrestleMania XXVShawn Michaels
96%
1997In Your House 18: Badd BloodHell in a Cell MatchShawn Michaels
96%
1997In Your House 17: Ground ZeroShawn Michaels
96%
2010WrestleMania XXVIStreak vs. Career No DQ MatchShawn Michaels
96%
2014WrestleMania XXXBrock Lesnar
93%
2003No MercyBiker Chain MatchBrock Lesnar
93%
2002UnforgivenBrock Lesnar
93%
2015SummerSlamBrock Lesnar
93%
2002No MercyHell in a Cell MatchBrock Lesnar
93%
2015Hell in a CellHell in a Cell MatchBrock Lesnar
93%
1991Survivor SeriesHulk Hogan
92%
1991This Tuesday in TexasHulk Hogan
92%
2007No Way OutTag Team MatchJohn Cena
92%
2018WrestleMania 34John Cena
92%
2003VengeanceJohn Cena
92%
2008WrestleMania XXIVEdge
91%
2008BacklashEdge
91%
2008SummerSlamHell in a Cell MatchEdge
91%
2009No Way OutElimination Chamber MatchEdge
91%
2008One Night StandTLC MatchEdge
91%
2008Judgment DayEdge
91%
2007ArmageddonTriple Threat MatchEdge
91%
2001No Way Out3-Team Tables MatchEdge
91%
1999King of the RingThe Rock
91%
2000UnforgivenFatal 4-Way MatchThe Rock
91%
2000Armageddon6-Man Hell in a Cell MatchThe Rock
91%
2002VengeanceTriple Threat MatchThe Rock
91%
2002No Way OutThe Rock
91%
2020WrestleMania 36Boneyard MatchAJ Styles
90%
2020Super ShowdownGauntlet Match FinalsAJ Styles
90%
2005WrestleMania 21Randy Orton
90%
2005SummerSlamRandy Orton
90%
2005No Mercy2-on-1 Handicap MatchRandy Orton
90%
2005ArmageddonHell in a Cell MatchRandy Orton
90%
2017WrestleMania 33No Holds Barred MatchRoman Reigns
89%
2001Survivor Series5 vs. 5 Elimination MatchShane McMahon
89%
2000King of the Ring6-Man Tag for the Title MatchShane McMahon
89%
2019Extreme RulesNo Holds Barred Tag Team MatchShane McMahon
89%
2016WrestleMania 32Hell in a Cell MatchShane McMahon
89%
2001Judgment DayNo Holds Barred MatchStone Cold Steve Austin
89%
2001Insurrextion2-on-1 Handicap MatchStone Cold Steve Austin
89%
2001BacklashTag for the Titles MatchStone Cold Steve Austin
89%
1998SummerSlamStone Cold Steve Austin
89%
2000Armageddon6-Man Hell in a Cell MatchStone Cold Steve Austin
89%
2001Survivor Series5 vs. 5 Elimination MatchStone Cold Steve Austin
89%
1998BreakdownTriple Threat MatchStone Cold Steve Austin
89%
2002BacklashStone Cold Steve Austin
89%
1998Rock BottomBuried Alive MatchStone Cold Steve Austin
89%
1997In Your House 13: Final Four4-Way Elimination MatchStone Cold Steve Austin
89%
1999No MercyTriple Threat MatchStone Cold Steve Austin
89%
1997In Your House 15: A Cold Day In HellStone Cold Steve Austin
89%
1999Over the EdgeStone Cold Steve Austin
89%
1999Fully LoadedFirst Blood MatchStone Cold Steve Austin
89%
2013WrestleMania 29CM Punk
88%
2009Bragging RightsFatal 4-Way MatchCM Punk
88%
2009Breaking PointSubmission MatchCM Punk
88%
2009Hell in a CellHell in a Cell MatchCM Punk
88%
2010Elimination ChamberElimination Chamber MatchCM Punk
88%
2008No MercyThe Big Show
88%
2008Cyber SundayLast Man Standing MatchThe Big Show
88%
2006The Great American BashPunjabi Prison MatchThe Big Show
88%
2009Survivor SeriesTriple Threat MatchThe Big Show
88%
2003No Way OutThe Big Show
88%
2009No Way OutElimination Chamber MatchThe Big Show
88%
2008Survivor SeriesCasket MatchThe Big Show
88%
2003WrestleMania XIX2-on-1 Handicap MatchThe Big Show
88%
2015WrestleMania 31Bray Wyatt
86%
2015Survivor SeriesTag Team MatchBray Wyatt
86%
2009Bragging RightsFatal 4-Way MatchBatista
85%
2007BacklashLast Man Standing MatchBatista
85%
2007Cyber SundayBatista
85%
2009TLCChairs MatchBatista
85%
2007Survivor SeriesHell in a Cell MatchBatista
85%
2008No Way OutElimination Chamber MatchBatista
85%
2007ArmageddonTriple Threat MatchBatista
85%
2007WrestleMania 23Batista
85%
2001Survivor Series5 vs. 5 Elimination MatchKurt Angle
85%
2002VengeanceTriple Threat MatchKurt Angle
85%
2006No Way OutKurt Angle
85%
2000Armageddon6-Man Hell in a Cell MatchKurt Angle
85%
2000Survivor SeriesKurt Angle
85%
2000Fully LoadedKurt Angle
85%
2003Survivor SeriesBuried Alive MatchVince McMahon
85%
2000King of the Ring6-Man Tag for the Title MatchVince McMahon
85%
2019Super ShowdownGoldberg
83%
1996SummerSlamBoiler Room BrawlMankind
83%
1996In Your House 11: Buried AliveBuried Alive MatchMankind
83%
1996Survivor SeriesMankind
83%
1997In Your House 14: Revenge Of The 'TakerMankind
83%
1998King of the RingHell in a Cell MatchMankind
83%
1998Fully LoadedTag Team MatchMankind
83%
1996King of the RingMankind
83%
1990Survivor Series4 vs. 4 Elimination MatchBret Hart
82%
1996Royal RumbleBret Hart
82%
1997In Your House 13: Final Four4-Way Elimination MatchBret Hart
82%
1997One Night OnlyBret Hart
82%
1997SummerSlamBret Hart
82%
2002Judgment DayHollywood Hulk Hogan
82%
2005No Mercy2-on-1 Handicap MatchCowboy Bob Orton
81%
2010Elimination ChamberElimination Chamber MatchChris Jericho
79%
2009Survivor SeriesTriple Threat MatchChris Jericho
79%
2009No Way OutElimination Chamber MatchJeff Hardy
79%
2007UnforgivenMark Henry
79%
2006WrestleMania 22Casket MatchMark Henry
79%
2002WrestleMania X8Street FightRic Flair
79%
1999WrestleMania XVHell in a Cell MatchThe Big Boss Man
79%
2010Royal RumbleRey Mysterio
77%
2009Bragging RightsFatal 4-Way MatchRey Mysterio
77%
2010Elimination ChamberElimination Chamber MatchRey Mysterio
77%
2005No Way OutLuther Reigns
76%
1993WrestleMania IXGiant Gonzalez
72%
1993SummerSlamRest in Peace MatchGiant Gonzalez
72%
2004SummerSlamJohn Bradshaw Layfield
71%
2004No MercyLast Ride MatchJohn Bradshaw Layfield
71%
2004ArmageddonFatal 4-Way MatchJohn Bradshaw Layfield
71%
1994Survivor SeriesCasket MatchYokozuna
71%
1994Royal RumbleCasket MatchYokozuna
71%
1993Survivor Series4 vs. 4 Elimination MatchYokozuna
71%
2001No Way Out3-Team Tables MatchChristian
70%
1996WrestleMania XIIDiesel
70%
2000RebellionChris Benoit
69%
2000UnforgivenFatal 4-Way MatchChris Benoit
69%
2015Survivor SeriesTag Team MatchLuke Harper
69%
2001Survivor Series5 vs. 5 Elimination MatchRob Van Dam
69%
2001VengeanceHardcore MatchRob Van Dam
69%
2006Judgment DayThe Great Khali
69%
2008No Way OutElimination Chamber MatchThe Great Khali
69%
2001Invasion5 vs. 5 Inaugural BrawlBooker T
68%
2001Survivor Series5 vs. 5 Elimination MatchBooker T
68%
2001No MercyBooker T
68%
2004Judgment DayBooker T
68%
2004ArmageddonFatal 4-Way MatchBooker T
68%
2001No Way Out3-Team Tables MatchBubba Ray Dudley
67%
2004The Great American Bash2-on-1 Handicap Concrete Crypt MatchBubba Ray Dudley
67%
2001Invasion5 vs. 5 Inaugural BrawlBubba Ray Dudley
67%
2001Invasion5 vs. 5 Inaugural BrawlD-Von Dudley
67%
2001No Way Out3-Team Tables MatchD-Von Dudley
67%
2004The Great American Bash2-on-1 Handicap Concrete Crypt MatchD-Von Dudley
67%
2004ArmageddonFatal 4-Way MatchEddie Guerrero
67%
1992WrestleMania VIIIJake Roberts
65%
1991WrestleMania VIIJimmy Snuka
65%
2019Extreme RulesNo Holds Barred Tag Team MatchDrew McIntyre
64%
2003WrestleMania XIX2-on-1 Handicap MatchA-Train
63%
2003SummerSlamA-Train
63%
1997WrestleMania 13No DQ MatchSycho Sid
63%
2000Armageddon6-Man Hell in a Cell MatchRikishi
62%
2008No Way OutElimination Chamber MatchBig Daddy V
60%
2018Greatest Royal RumbleCasket MatchRusev
58%
1995Survivor Series4 vs. 4 Elimination MatchJerry Lawler
57%
1999SummerSlamTag Team MatchX-Pac
57%
1995WrestleMania XIKing Kong Bundy
54%
1995Survivor Series4 vs. 4 Elimination MatchKing Mabel
52%
1995In Your House 5: Season's BeatingsCasket MatchKing Mabel
52%
1995King of the RingKOTR Quarter-FinalsMabel
52%
2008No Way OutElimination Chamber MatchMVP
51%
1990Survivor Series4 vs. 4 Elimination MatchDusty Rhodes
50%
2008No Way OutElimination Chamber MatchFinlay
48%
1997In Your House 13: Final Four4-Way Elimination MatchVader
48%
1997Royal RumbleVader
48%
1997In Your House 16: Canadian StampedeVader
48%
2001SummerSlamTag Team Steel Cage MatchDiamond Dallas Page
47%
2001Invasion5 vs. 5 Inaugural BrawlDiamond Dallas Page
47%
2002SummerSlamTest
47%
1990Survivor Series4 vs. 4 Elimination MatchJim Neidhart
46%
1996In Your House 8: Beware Of DogCasket MatchGoldust
45%
1996In Your House 10: Mind GamesCurtain Call MatchGoldust
45%
1996In Your House 9: International IncidentGoldust
45%
2006ArmageddonLast Ride MatchMr. Kennedy
45%
2006No MercyMr. Kennedy
45%
2006Survivor SeriesFirst Blood MatchMr. Kennedy
45%
1994SummerSlamThe Fake Undertaker
45%
2010Elimination ChamberElimination Chamber MatchJohn Morrison
42%
2010Elimination ChamberElimination Chamber MatchR-Truth
40%
1995SummerSlamCasket MatchKama
39%
2001Invasion5 vs. 5 Inaugural BrawlRhyno
37%
1992SummerSlamKamala
36%
1992Survivor SeriesCasket MatchKamala
36%
1997King of the RingFaarooq
35%
2004Survivor SeriesHeidenreich
35%
2005Royal RumbleCasket MatchHeidenreich
35%
2009No Way OutElimination Chamber MatchVladimir Kozlov
34%
2001SummerSlamTag Team Steel Cage MatchChris Kanyon
33%
1999BacklashKen Shamrock
33%
1990Survivor Series4 vs. 4 Elimination MatchKoko B. Ware
33%
1997In Your House 19: D-Generation XJeff Jarrett
27%
1993Survivor Series4 vs. 4 Elimination MatchCrush
26%
2001UnforgivenTag Team MatchBrian Adams
25%
2001UnforgivenTag Team MatchBryan Clark
25%
2005The Great American BashMuhammad Hassan
25%
1995Royal RumbleIrwin R. Schyster
22%
1993Survivor Series4 vs. 4 Elimination MatchLudvig Borga
18%
1993Survivor Series4 vs. 4 Elimination MatchJacques Rougeau
16%
1996In Your House 12: It's TimeArmageddon Rules MatchThe Executioner
13%
1995Survivor Series4 vs. 4 Elimination MatchIsaac Yankem DDS
12%

Score Distribution

Percentile by Number Answered

Percent of People with Each Score

Your Score History

You have not taken this quiz